| 000 | 00598nam a22001937a 4500 | ||
|---|---|---|---|
| 005 | 20251108173723.0 | ||
| 008 | 250721s2005 xx 000 0 ara d | ||
| 082 | 1 | 4 | _aق/موم |
| 100 | 1 |
_aموم، سومرست _eمؤلف |
|
| 245 | 1 | 0 | _aالزلة الكبرى و قصص أخرى / |
| 264 | 1 |
_aبيروت : _bدار الحرف العربي، _c2005. |
|
| 300 | _a303 ص. | ||
| 490 | 0 | _aأجمل الروايات العالمية | |
| 650 | 1 | 7 | _aالروايات |
| 650 | 1 | 7 | _aالادب المترجم |
| 700 | 1 |
_aعكاوي، رحاب _eمقدم |
|
| 942 |
_2ddc _cBK |
||
| 999 |
_c110791 _d110791 |
||